| 000 | 00486nmm a2200157Ia 4500 | ||
|---|---|---|---|
| 008 | 251105s9999||||xx |||||||||||||||||und|| | ||
| 041 | _aspa | ||
| 100 | _aPastor, Marialba | ||
| 245 | 0 | _aCuerpos sociales, cuerpos sacrificiales | |
| 264 |
_a[México D.C., Mexico] : _bFondo de Cultura Económica, _c2016 |
||
| 300 | _a304 páginas | ||
| 490 | _aHistoria | ||
| 650 | _aHistory of the Americas: Latin America | ||
| 856 | _uhttps://public.digitaliapublishing.com/a/64164 | ||
| 942 | _cCF | ||
| 999 |
_c99503 _d99503 |
||